LEADER 00805nam a2200217 i 4500 001 000000222172 003 CaOOAMICUS 005 20130903000000.0 008 130903s1692 it u000 u fre u 013 $a201069 026 $at.58 arnd del- &qlo (3) 1692 (R) 040 $aSeMil$bita 245 10$aTome 2. 300 $a472 p. 500 $aSegn. : A-T12 V8. 773 0 $aEsprit, Jacques <1611-1678>$tFaussete des vertus humaines. Par mr. Esprit. Tome 1. [-2.].$dA Lyon : Chez Mathieu Liberal, rue Merciere à la Bonne-Conduite, 1692.$bNouvelle edition revue & corrigée$g2$w()28769 850 $aSeMil 852 $aSeMil$W1$xVenegono$y1$m2Q II 41 FA$j172518$B172518$CSeMilBibl$Z2$F182896 $8I 941 1 $a10 961 $aRecupero: Mantegazza 996 $6245$aTome 2$9(OLS)http://semarc/title/1533 LEADER 01140nam a2200253 i 4500 001 000000047318 003 CaOOAMICUS 005 20050908000000.0 008 050908s1978 it u000 u ita u 013 $a18488 040 $aSeMil$bita 100 1 $aMazzolari, Primo,$d<1890-1959>.$0(OLS)http://semarc/name/3525 245 10$aDiscorsi :$b«...un seminatore usć a seminare...» (dal Vangelo) /$cPrimo Mazzolari ; a cura di Piero Piazza ; Presentazione di Loris Francesco Capovilla. 260 $aBologna :$bEDB,$ccopyr. 1978. 300 $a834 p. ;$c19 cm. 500 $aContiene : Nota biografica. 650 4$aCristianesimo.$0(OLS)http://semarc/subject/425 700 1 $aPiazza, Piero.$0(OLS)http://semarc/name/18524 700 1 $aCapovilla, Loris Francesco,$c.$0(OLS)http://semarc/name/7915 850 $aSeMil 852 $aSeMil$W1$xVenegono$y1$m2L I 277$j13473$B13473$CSeMilBibl$Z2$F13473 $81 961 $aOmaggio: Altro 996 $6245$aDiscorsi :$b«...un seminatore usć a seminare...» (dal Vangelo)$9(OLS)http://semarc/title/71238 996 $6260$aBologna :$bEDB$9(OLS)http://semarc/publisher/29669